International encyclopedia of bioterrorim and biology

Saved in:
Bibliographic Details
Format: Book
Tags: Add Tag
No Tags, Be the first to tag this record!
Call Number :

MARC

LEADER 00000pam a2200000 4500
001 26629
003 MY-KLNDU
005 20241218082102.0
020 0 0 |a 9788175331402 
035 |a 0000038946 
039 9 |a 200911181254  |b VLOAD  |y 200910091800  |z VLOAD 
040 |a FPPP 
245 0 0 |a International encyclopedia of bioterrorim and biology 
591 |a 0000009599  |b 13/07/09  |c 0198-07  |d 2  |e RM420  |f 1  |g 420  |h Pustaka Darul Warisan Sdn. Bhd. 
999 |a vtls000036877  |c 26629  |d 26629